000 00548nam a22001817a 4500
005 20241010062518.0
999 _c14497
_d14497
008 190930b ||||| |||| 00| 0 eng d
020 _a978-621-418-007-3
082 _22018
_aDFil 362.88
_bT154
100 _aTancangco, Danilo L.
_91461
245 _aVictimology/
_cDanilo L. Tancangco
260 _aMandaluyong City:
_bWiseman's Books Trading, Inc.,
_c2018.
300 _avi, 231 pages;
_c22 cm.
500 _aIncludes references.
650 0 _aVictims of crimes
_918325
365 _b650.00
_cPhp
942 _2ddc
_cDFIL